000 00594nam a2200193 a 4500
001 000017303
005 20240412074246.0
008 100322s1970 dr 000 j spa d
040 _aDO-SdBNP
_bspa
_cBNPHU
082 _aRD863.42
_bJ61m
100 1 _aJiménez, Miguel A.
_937957
245 1 0 _aMi traje nuevo :
_bcuentos /
_cMiguel A. Jiménez.
260 _aSanto Domingo :
_bArte y Cine,
_c1970.
300 _a166 p. ;
_c24 cm.
590 _aInventariado, 2019 / DG
650 0 _aCuentos dominicanos
_9176
650 0 _aLiteratura dominicana.
_967
910 _aValidado. Control de calidad MFF
999 _c16828
_d16828